|
|
|
|
| LEADER |
00000nam a22000007a 4500 |
| 005 |
20140325175610.0 |
| 007 |
cr|||| |||| |
| 008 |
140325c20119999co |||| s||||f0||| 1spa d |
| 035 |
|
|
|a 11817
|
| 040 |
|
|
|a vLex
|
| 090 |
|
|
|c 4731
|d 4731
|
| 245 |
0 |
0 |
|a Revista Polica̕ y Seguridad Pb︢lica
|h [Recurso electrn̤ico]
|
| 256 |
|
|
|a Servicio en ln̕ea
|
| 260 |
|
|
|a [s.l.] :
|b Academia Nacional de Seguridad Pb︢lica,
|c 2011 -
|
| 300 |
|
|
|a 1 recurso electrn̤ico
|
| 310 |
|
|
|a Semestral
|
| 362 |
|
|
|a Nm︢. 1 (2011) -
|
| 506 |
|
|
|a Contenido solo disponible en los productos indicados
|d vLex Global
|d vLex Global (Academic Edition, excluding Law Schools)
|d vLex Global (U.S. Academic Edition, Law Schools)
|d vLex Global (U.S. Academic Edition, excluding Law Schools)
|d vLex Global (Academic Edition, Law Schools)
|
| 650 |
0 |
4 |
|a Derecho penal
|z Colombia
|
| 650 |
0 |
4 |
|a Polica̕
|z Colombia
|
| 650 |
0 |
4 |
|a Seguridad pb︢lica
|z Colombia
|
| 740 |
0 |
|
|a vLex Revistas (Servicio en ln̕ea)
|
| 856 |
4 |
0 |
|u http://vlex.com/source/revista-policia-seguridad-publica-11817
|z Acceso restringido
|
| 942 |
|
|
|c REV
|
| 999 |
0 |
|
|a Criminal law
|
| 999 |
0 |
|
|a Police
|
| 999 |
0 |
|
|a Public safety
|